000 01027cam a2200277 4500
001 WB4020-11
008 040526n2004 000 0 eng u
035 _a(Sirsi) u126295
245 _aScotland's national forests' survey
260 _c2004
490 _aScottish Executive News Release
_v(SEFCsvy/2004) 26 May 2004 (2)
520 _aA three-year survey of public use of, and expectations from Scotland's national forests will commence in June. The entire national forest estate including more remote woodlands will be assessed. During 2004/05 the forest areas of Buchan, Galloway, Lochaber, West Argyll and Borders will be looked at. http://www.scotland.gov.uk/pages/news/2004/05/SEFC svy.aspx.
590 _aWB
590 _aWB
650 _aPUBLIC USE
650 _aBUCHAN
650 _aGALLOWAY
650 _aLOCHABER
650 _aBORDERS
650 _aWEST ARGYLL
650 _aSCOTLAND
650 _aNATIONAL FORESTS
650 _aWOODLANDS
690 _aLEISURE AND RECREATION
942 _n0
999 _c117404
_d117404